Visualizzazione normale
Vista MARC
- Zanchi G., Corrado V., Viganò D.E., Fabris A., Rivoltella P.C
di Personal Name
Records bibliografici associati: 1
001 - CONTROL NUMBER
- control field: 60773
003 - CONTROL NUMBER IDENTIFIER
- control field:
005 - DATE AND TIME OF LATEST TRANSACTION
- control field: 20240605122200.0
008 - FIXED-LENGTH DATA ELEMENTS
- fixed length control field: 240605|| aca||aabn | a|a d
040 ## - CATALOGING SOURCE
- Original cataloging agency:
- Transcribing agency:
100 ## - HEADING--PERSONAL NAME
- Personal name: Zanchi G., Corrado V., Viganò D.E., Fabris A., Rivoltella P.C
670 ## - SOURCE DATA FOUND
- Source citation: Work cat.: ()360117: Pepe Andrea (et al.) 60772, Nuovo approccio per nuove sfide. L'"Inter Mirifica" sessant'anni dopo, , 2024